LEADER 00932nam a2200205 i 4500 001 000000253825 003 CaOOAMICUS 005 20170418000000.0 008 170418s1820 it u000 u ita u 013 $a232730 026 $a4.sa lia, i.ai prda (3) 1820 (A) 040 $aSeMil$bita 245 10$aVol. 21. 300 $a267, [1] p., [1] c. di tav. :$bantip. calcogr. 773 0 $aRollin, Charles <1661-1741>$tStoria antica e romana di Carlo Rollin versione ridotta a lezione migliore arricchita di annotazioni di un piů copioso indice delle materie e di incisioni in rame ... Vol. 1. [-48].$dVenezia : Dalla Tipografia di Alvisopoli, 1819-1822 (Venezia : Stampato a cura di Giuseppe Battaggia)$g21$w()4468 850 $aSeMil 852 $aSeMil$W1$xVenegono$y1$m3V VII 21 FA$j204171$B204171$CSeMilBibl$Z2$F217605 $8I 941 1 $a10 961 $aRecupero: Mantegazza 996 $6245$aVol. 21$9(OLS)http://semarc/title/298830 LEADER 01114nam a2200277 i 4500 001 000000111671 003 CaOOAMICUS 005 20050719000000.0 008 050719s1973 it u000 u mul u 013 $a84353 040 $aSeMil$bita 100 1 $aGoleni?cev, I.N.$0(OLS)http://semarc/name/4381 245 10$aVolume primo. 300 $aVI, 431 p. 490 0 $aScienze filologiche e letteratura ;$v3./1 500 $aFondo Card. Giovanni Colombo. 700 1 $aGraciotti, Sante,$d<1923-2021>.$0(OLS)http://semarc/name/4383 700 1 $aKresálková, Jitka.$0(OLS)http://semarc/name/4384 700 1 $aKutuzov.$0(OLS)http://semarc/name/4382 773 0 $aGoleni?cev, I.N.$tRinascimento italiano e le letterature slave dei secoli 15. e 16..$dMilano : Vita e Pensiero, 1973.$w()8758 830 0$aScienze filologiche e letteratura ;$v3./1.$0(OLS)http://semarc/title/10462 850 $aSeMil 852 $aSeMil$W1$xVenegono$y1$m1C V 61/1$j67492$B67492$CSeMilBibl$Z2$F100497 $81 941 1 $a3 961 $aLascito: Colombo Card. Giovanni 996 $6245$aVolume primo$9(OLS)http://semarc/title/17661